Top 30 Greatest Songs - Shakira - Statistics

General Stats
  • This quiz has been taken 31 times
  • The average score is 15 of 30
Answer Stats
Rank Song Year % Correct
1 Hips Don't Lie 2006
96%
2 Waka Waka (This Time for Africa) 2010
85%
3 Whenever, Wherever 2001
81%
5 She Wolf 2009
70%
4 La Tortura 2005
63%
8 Loca 2010
63%
11 Chantaje 2016
59%
22 Estoy Aquí 1995
56%
12 La Bicicleta 2016
56%
9 Beautiful Liar 2007
52%
13 Objection (Tango) 2002
52%
7 Can't Remember to Forget You 2014
48%
21 Ojos Así 1998
48%
19 Monotonía 2022
44%
16 Rabiosa 2011
44%
27 Suerte (Whenever, Wherever) 2001
44%
20 TQG 2023
44%
17 Addicted to You 2012
41%
25 Ciega, Sordomuda 1998
41%
26 Inevitable 1998
41%
18 Me Enamoré 2017
41%
28 Perro Fiel 2017
41%
30 Shakira: Bzrp Music Sessions, Vol. 53 2023
41%
29 Te Felicito 2022
41%
10 Try Everything 2016
41%
6 Underneath Your Clothes 2002
41%
23 Antología 1995
33%
14 Empire 2014
26%
24 Pies Descalzos, Sueños Blancos 1996
26%
15 Gypsy 2010
19%
No matching quizzes found
Score Distribution
Percent of People with Each Score
Percentile by Number Answered
Your Score History
You have not taken this quiz